An Optimal Joint Planning of DGs and EV Charging Stations in Grid-Connected and Islanded Microgrids / (Record no. 601904)
[ view plain ]
| 000 -LEADER | |
|---|---|
| fixed length control field | 00523nam a2200157Ia 4500 |
| 008 - FIXED-LENGTH DATA ELEMENTS--GENERAL INFORMATION | |
| fixed length control field | 230907s9999||||xx |||||||||||||| ||und|| |
| 082 ## - DEWEY DECIMAL CLASSIFICATION NUMBER | |
| Classification number | 624.1 |
| Author Mark | FAS |
| 100 ## - MAIN ENTRY--PERSONAL NAME | |
| Personal name | Fasiha Zainab (00000273472) |
| 9 (RLIN) | 116526 |
| 245 #3 - TITLE STATEMENT | |
| Title | An Optimal Joint Planning of DGs and EV Charging Stations in Grid-Connected and Islanded Microgrids / |
| 260 ## - PUBLICATION, DISTRIBUTION, ETC. | |
| Place of publication, distribution, etc. | USPCAS-E, NUST, |
| Name of publisher, distributor, etc. | Islamabad : |
| Date of publication, distribution, etc. | 2020 |
| 300 ## - PHYSICAL DESCRIPTION | |
| Extent | xiv, 41 p. |
| 520 ## - SUMMARY, ETC. | |
| Summary, etc. | TH-225 |
| 650 ## - SUBJECT ADDED ENTRY--TOPICAL TERM | |
| Topical term or geographic name entry element | MS-EEP Thesis MS Thesis |
| 700 ## - ADDED ENTRY--PERSONAL NAME | |
| Personal name | Dr Hassan Abdullah Khalid |
| 9 (RLIN) | 28912 |
| 942 ## - ADDED ENTRY ELEMENTS (KOHA) | |
| Koha item type | Thesis |
| Source of classification or shelving scheme | |
| Withdrawn status | Lost status | Source of classification or shelving scheme | Damaged status | Not for loan | Permanent Location | Current Location | Date acquired | Full call number | Barcode | Date last seen | Price effective from | Koha item type |
|---|---|---|---|---|---|---|---|---|---|---|---|---|
| US-Pakistan Center for Advanced Studies in Energy (USPCAS-E) | US-Pakistan Center for Advanced Studies in Energy (USPCAS-E) | 11/06/2020 | 624.1 FAS | CAS-ETH0000225 | 09/12/2023 | 09/12/2023 | Thesis |
